1994 1714 1204 1213 1623 1349 1746 1700 1345 1009 1395 1675 1457 1469 1994 1942 1277 1750 1111 1408 1534 1338 1151 1436 1334 1796 1977 1261 1852 1901 1517 1831 1498 1275 1544 1343 1441 1359 1720 1087 1239 1784 1355 1651 1774 1050 1394 1084 1463 1502 1042 1085 1527 1074 1239 1301 1046 1696 1128 1608 1899 1193 1540 1185 1637 1009 1532 1162 1541 1306 1400 1259 1691 1848 1301 1722 1113 1492 1192 1657 1364 1508 1762 1957 1908 1082 1870 1754 1297 1380 1057 1799 1016 1825 1969 1038 1147 1229 1217 BCNSPRNW ULIB Ver.6.0+V

เปลี่ยนเป็นภาษาไทย

Change to English
 แสดงรายละเอียดบรรณานุกรม
  กลับหน้าหลัก

Brief Record : Get Marc (ISO 2709) : E-mail record : QR code < ปิดหน้าต่าง
LEADER : 00000nam 2200000uu 4500
001    13399126819
003     ULIB
008    190314s2561||||th 000 0 tha d
020    ^a9786162714863
060    ^aWM105^bจ336จ
100    ^aจารุรินทร์ ปิตานุพงศ์
245    ^aจิตเวช ม.อ. (PRACTICAL HANDBOOK OF PSU PSYCHI ATRY)
250    ^aพิมพ์ครั้งที่ 1
260    ^aสงขลา :^bภาควิชาจิตเวชศาสตร์ คณะแพทยศาสตร์ มหาวิทยาลัยสงขลานครินทร์,^c2561
300    ^a162 หน้า;^c19 ซม.
650    ^aจิตเวชศาสตร์
945    ^p180^l0^i27362
945    ^p180^l0^i27360
945    ^p180^l0^i27364
945    ^p180^l0^i27363
945    ^p180^l0^i27361
999    ^aกัณชพร จุลอักษร
รายการนี้ยังไม่มีแท็ก
คุณยังไม่ได้ล็อกอิน คุณสามารถมีกิจกรรมร่วมกับเว็บไซต์ได้ แต่ต้องล็อกอินก่อน ::
  ล็อกอิน

รายการสื่อสารสนเทศ

ลำดับที่ ประเภท เลขเรียก/บาร์โค้ด สถานที่ สถานะ
1. หนังสือสำรอง
หนังสือสำรอง
WM105 จ336จ ฉ.1 
  Barcode: 27360
ห้องสมุดวิทยาเขตนครสวรรค์
►หนังสือทั่วไป:l:General Books
บนชั้น
2. วิทยาศาสตร์การแพทย์ และสุขภาพ
วิทยาศาสตร์การแพทย์ และสุขภาพ
WM105 จ336จ ฉ.2 
  Barcode: 27361
ห้องสมุดวิทยาเขตนครสวรรค์
►หนังสือทั่วไป:l:General Books
บนชั้น
3. วิทยาศาสตร์การแพทย์ และสุขภาพ
วิทยาศาสตร์การแพทย์ และสุขภาพ
WM105 จ336จ ฉ.3 
  Barcode: 27362
ห้องสมุดวิทยาเขตนครสวรรค์
►หนังสือทั่วไป:l:General Books
บนชั้น
4. วิทยาศาสตร์การแพทย์ และสุขภาพ
วิทยาศาสตร์การแพทย์ และสุขภาพ
WM105 จ336จ ฉ.4 
  Barcode: 27363
ห้องสมุดวิทยาเขตนครสวรรค์
►หนังสือทั่วไป:l:General Books
ถูกยืม กำหนดส่งวันที่ 20 เมษายน 2568
  จอง
5. วิทยาศาสตร์การแพทย์ และสุขภาพ
วิทยาศาสตร์การแพทย์ และสุขภาพ
WM105 จ336จ ฉ.5 
  Barcode: 27364
ห้องสมุดวิทยาเขตนครสวรรค์
►หนังสือทั่วไป:l:General Books
บนชั้น

รายการใกล้เคียง
    ชื่อเรื่อง [จิตเวช ม.อ. (PRACTICAL HANDBOOK OF PSU PSYCHI ATRY)]

    ผู้แต่ง [จารุรินทร์ ปิตานุพงศ์]

    หัวเรื่อง [จิตเวชศาสตร์]

BibComment


ยังไม่เคยถูกคอมเมนท์

คอมเมนท์ทรัพยากรรายการนี้
  คอมเมนท์: จิตเวช มอ PRACTI..


 Copyright 2026. Bcnsprnw @Library